000 00469nam a2200157 i 4500
001 80273
003 ES-MaACL
005 20230906174158.0
007 t|
008 041027s1931 sp ||||1| spa d
100 1 _aHidalgo de Caviedes, Rafael.
_963586
245 1 0 _aApuntes de Estereotomía y construcción
_b: curso de 1930-31 /
_cRafael Hidalgo de Caviedes.
260 _aMadrid :
_bSoto Hidalgo,
_c1931.
300 _a3 v. ;
_c15 cm.
852 _aES-MaACL
_jA-993-95
999 _c80273
_d80273